Determinants of Innovativeness of Slovak SMEs

Analýza vzťahu medzi výdavkami na inovačné aktivity MSP a expanziou trhu pomocou Grangerovej kauzality. Skúmanie vnútorných a vonkajších faktorov na konkurencieschopnosť slovenských podnikov počas rokov 2006-2018.

Salvato in:
Dettagli Bibliografici
Autore principale: Hajduová, Zuzana, 1974-
Altri autori: Peráček, Tomáš, Coroničová Hurajová, Jana, 1986-, Bruothová, Michaela, 1979-
Natura: Capitolo di libro
Lingua:inglese
Soggetti:
Tags: Aggiungi Tag
Nessun Tag, puoi essere il primo ad aggiungerne!!

MARC

LEADER 00000naa a2200000 4500
001 0278459
005 20240502083844.1
041 0 |a eng 
044 |a UA 
245 1 0 |a Determinants of Innovativeness of Slovak SMEs  |c Zuzana Hajduová, Tomáš Peráček, Jana Coroničová Hurajová, Michaela Bruothová 
520 |a Analýza vzťahu medzi výdavkami na inovačné aktivity MSP a expanziou trhu pomocou Grangerovej kauzality. Skúmanie vnútorných a vonkajších faktorov na konkurencieschopnosť slovenských podnikov počas rokov 2006-2018. 
610 2 0 |a prostredie podnikateľské 
610 2 0 |a inovácia 
610 2 0 |a podnik malý 
610 2 0 |a podnik stredný 
610 2 0 |a podnik rodinný 
610 2 0 |a výdavky 
610 2 0 |a ekonometria 
100 1 |a Hajduová, Zuzana, 1974- 
700 1 |a Peráček, Tomáš 
700 1 |a Coroničová Hurajová, Jana, 1986- 
700 1 |a Bruothová, Michaela, 1979-